00657nam a2200145 a 4500020001500000082001400015100002100029245002500050250001200075260004800087300001100135520027200146650002300418856007000441 a0194424235 a541.3 ATK1 aAtkins, Peter W.10aPhysical chemistry : a3rd ed. aU.S.A bOxford University Press,ELBSc1986. a857 p. aThis manual contains the authors' detailed solutions to almost every one of the problems contained in the third edition of Physical Chemistry . It will be valuable both to the instructors and lecturers who have adopted the parent text, and to the students themselves. aphysical chemistry40uhttp://www.amazon.com/exec/obidos/ASIN/0198551932/chopaconline-20